000
00225nam a22000857a 4500
008
161207b xxu||||| |||| 00| 0 eng d
100
_9
1923
_a
Marshak.S
245
_a
The Tale of a Hero Nobody Knows
260
_a
Moscow
_b
Progress
_c
1981
999
_c
4688
_d
4688